000 01368nam a2200337Ia 4500
005 20240625131743.0
008 130821s2011 ck aob gr spa
020 _a9789589550427
_cObra Completa
020 _a9789589916926
_cVol
040 _aCo-BoUCM
_bspa
_cDavid Moreno (modificó)
_dDavid Moreno (modificó)
041 0 0 _aspa
100 1 _aDíaz Merlano, Juan Manuel
_9105242
245 1 0 _aColombia paraíso de animales viajeros
_cJuan Manuel Díaz Merlano, Carolina García Imhof ; fotografía Angélica Montes ...[et al.] ; dirección editorial Santiago Montes Veira
260 _aCali. Valle, Colombia
_bBanco de Occidente
_c2011
300 _a205 Páginas
_bilustraciones, mapas, fotografías
650 0 4 _aCiencias naturales
_910813
650 0 4 _aDesplazamiento (Conducta animal)
_913084
650 0 4 _aMigración de animales
_919525
650 0 4 _aMigración de aves
_919526
650 0 4 _aNavegación de animales
_920127
650 0 4 _aZoogeografía
_926436
700 1 _aGarcés, Diego Miguel
_9159272
700 1 _aGarcía Imhof, Carolina
_9159273
700 1 _aMontes Veira, Santiago
_9105291
700 1 _aMontes, Angélica
_9159274
700 1 _aMontes, Germán
_9159275
700 1 _aUribe, Daniel
_9159276
710 2 _aBanco de Occidente
_93915
942 _a25
_e1
_mD277c
_cLIBRO
_2DEWEY
_h591.9
_n0
999 _c37051
_d37051